000 00231nam a22000857a 4500
008 161122b xxu||||| |||| 00| 0 eng d
100 _91319
_aCBSE
245 _aSample question paper : 2008
260 _aNew delhi
_bNational book trust
_c2007
999 _c4032
_d4032